000 01293cam a2200313 a 4500
005 20031230185550.0
008 940308s1993 enkab b 001 0 eng
010 _aENG-101576
020 _a9788125039204
_c295.00
035 _aEN-85109
037 _bDBAD/PUB
040 _adpl
_bEng
082 _aS
100 1 _aGardner, Jane F.
_922405
245 1 0 _aHundred Tamil folk and tribal tales/
_ctranslated, edited and annotated by Sujatha Vijayaraghavan ; from the Tamil Naatupura kathai kalanjiyam ; edited by Aaru Ramanathan.
260 _aNew Delhi
_bOrient Blackswan
_c2010
270 _a1/24 Asaf Ali Road
_bNew Delhi
_e110002
300 _axxxi,291p.
_c23cm (pbk)
500 _aTranslated from Tamil
500 _aIncludes bibliographical references (p. [290]-291).
520 _aSelected folk tales from the original in Tamil.
650 0 _922406
_a Tales
_zIndia
_zTamil Nadu.
700 _aVijayaraghavan, Sujatha
_922410
700 _aRamanathan,Aaru
_922869
856 4 2 _uhttp://www.loc.gov/catdir/description/texas041/93060588.html
856 4 1 _uhttp://www.loc.gov/catdir/toc/texas041/93060588.html
942 _2ddc
_cEN
_mHUN
_hS
999 _c47987
_d47987